| 000 | 00903nam a22002417a 4500 | ||
|---|---|---|---|
| 005 | 20240530110518.0 | ||
| 008 | 160210s2012 su ad f b 000 0 ara d | ||
| 017 |
_a1429/2192 _bالسعودية . مكتبة الملك فهد الوطنية |
||
| 020 | _a9786038005088 | ||
| 040 | _aEG-CaGPL | ||
| 082 | 0 | 4 |
_221 _a645.4\ _bم م |
| 100 | 0 | _aمهجة محمد اسماعيل مسلم . | |
| 245 | 1 | 2 |
_aالمسكن الاسرى : _bتاثيثه و تجميله / _cمهجة محمد اسماعيل مسلم . |
| 250 | _aط2. | ||
| 260 |
_aالرياض : _bدار الزهراء ، _c2012 . |
||
| 300 |
_a371 ص : _bايض ؛ _c24 سم . |
||
| 504 | _aببليوجرافية : 367 - 371 | ||
| 650 | 0 | 4 | _aالعمارة المنزلية . |
| 650 | 0 | 4 | _aالديكور الداخلى . |
| 650 | 0 | 4 |
_aالمساكن _xتشييد . |
| 942 |
_2ddc _cBK |
||
| 999 |
_c61833 _d61833 |
||